[Event "Ontario-ch U20"]
[Site "Mississauga"]
[Date "2019.01.12"]
[Round "3.5"]
[White "Ramesh, Sanjay"]
[Black "Liu, Henry"]
[Result "0-1"]
[WhiteElo "1744"]
[BlackElo "1876"]
[PlyCount "48"]
[EventDate "2019.01.12"]
[EventType "swiss"]
[EventRounds "5"]
[EventCountry "CAN"]
[SourceTitle "EXT 2022"]
[Source "ChessBase"]
[SourceDate "2021.10.06"]
[SourceVersion "1"]
[SourceVersionDate "2021.10.06"]
[SourceQuality "1"]

1. d4 Nf6 2. c4 g6 3. Nc3 Bg7 4. Bf4 0-0 5. Qd2 d5 6. cxd5 Nxd5 7. Bh6 Bxh6 8. Qxh6 Nb4 9. 0-0-0 Qd6 10. h4 Qc6 11. d5 Qc5 12. h5 Nxa2+ 13. Kd2 Nxc3 14. hxg6 Qd4+ 15. Kc2 Bf5+ 16. Rd3 Bxd3+ 17. exd3 Qg7 18. gxf7+ Rxf7 19. Qe6 Na4 20. Qc8+ Rf8 21. Qe6+ Kh8 22. d4 Qxd4 23. Rxh7+ Kxh7 24. Bd3+ Qxd3+ 0-1

[Event "CAN-ch U20 U1800"]
[Site "Toronto"]
[Date "2018.08.11"]
[Round "6.24"]
[White "Han, Kevin"]
[Black "Ramesh, Sanjay"]
[Result "0-1"]
[WhiteElo "1081"]
[BlackElo "1578"]
[PlyCount "76"]
[EventDate "2018.08.08"]
[EventType "swiss"]
[EventRounds "9"]
[EventCountry "CAN"]
[SourceTitle "EXT 2022"]
[Source "ChessBase"]
[SourceDate "2021.10.06"]
[SourceVersion "1"]
[SourceVersionDate "2021.10.06"]
[SourceQuality "1"]

1. e4 d5 2. exd5 Nf6 3. Nf3 Nxd5 4. d4 Bg4 5. Be2 e6 6. 0-0 c6 7. a3 Bd6 8. c4 Nf4 9. Bxf4 Bxf4 10. h3 Bf5 11. Bd3 Bg6 12. Nc3 Bh5 13. Re1 0-0 14. g4 Bg6 15. Bxg6 hxg6 16. Ne5 Nd7 17. Nf3 Nb6 18. Qb3 Qc7 19. Rad1 Rfd8 20. Kg2 Rd7 21. c5 Nd5 22. Nxd5 Rxd5 23. Ne5 Bxe5 24. dxe5 Rxc5 25. Rd3 b6 26. Red1 Qxe5 27. Qa4 a5 28. f4 Qxb2+ 29. R1d2 Qf6 30. Qd1 Rd5 31. Qf3 Rad8 32. Rxd5 Rxd5 33. Rc2 c5 34. g5 Qd4 35. Re2 c4 36. Qg4 Rf5 37. h4 Qxf4 38. Qh3 Qf1+ 0-1

[Event "CAN-ch U14"]
[Site "Quebec"]
[Date "2018.07.05"]
[Round "5.33"]
[White "Ramesh, Sanjay"]
[Black "England, Max"]
[Result "0-1"]
[WhiteElo "1416"]
[BlackElo "2061"]
[PlyCount "78"]
[EventDate "2018.07.02"]
[EventType "swiss"]
[EventRounds "7"]
[EventCountry "CAN"]
[SourceTitle "EXT 2022"]
[Source "ChessBase"]
[SourceDate "2021.10.06"]
[SourceVersion "1"]
[SourceVersionDate "2021.10.06"]
[SourceQuality "1"]

1. d4 Nf6 2. c4 e6 3. Nc3 d5 4. Nf3 Bd6 5. Bg5 c6 6. e4 dxe4 7. Nxe4 Be7 8. Nc3 h6 9. Bh4 0-0 10. Bd3 Nbd7 11. 0-0 b6 12. Qe2 Bb7 13. Rfd1 Nh5 14. Bg3 Nxg3 15. hxg3 Nf6 16. Ne4 Qc7 17. Ne5 c5 18. Nf3 Rfd8 19. dxc5 bxc5 20. a3 Rab8 21. Nc3 a6 22. Rd2 Qc6 23. Rad1 Bd6 24. Bb1 Bc7 25. Na2 Ne4 26. Bxe4 Qxe4 27. Qxe4 Bxe4 28. b4 cxb4 29. axb4 Bc2 30. Rxd8+ Rxd8 31. Rxd8+ Bxd8 32. Nd4 Bd3 33. c5 Bc4 34. Nc3 Bf6 35. c6 Be5 36. f4 Bxd4+ 37. Kh2 Bb6 38. Na4 Bc7 39. Nc3 Bb5 0-1

[Event "Outaouais-ch Reserves"]
[Site "Gatineau"]
[Date "2018.05.08"]
[Round "6"]
[White "Ramesh, Sanjay"]
[Black "Arcand, Pierre"]
[Result "1-0"]
[WhiteElo "1400"]
[BlackElo "1173"]
[PlyCount "73"]
[EventDate "2018.04.03"]
[EventType "swiss"]
[EventRounds "7"]
[EventCountry "CAN"]
[SourceTitle "EXT 2022"]
[Source "ChessBase"]
[SourceDate "2021.10.06"]
[SourceVersion "1"]
[SourceVersionDate "2021.10.06"]
[SourceQuality "1"]

1. e4 e5 2. Nf3 Nc6 3. d4 exd4 4. Nxd4 Nxd4 5. Qxd4 Be7 6. Qxg7 Bf6 7. Qg3 d6 8. Nc3 Qe7 9. Bd3 Be5 10. Qf3 Be6 11. a3 0-0-0 12. a4 Qd7 13. Qe3 Bxc3+ 14. bxc3 Qc6 15. Bd2 a6 16. Rb1 Bc4 17. Qa7 Bxd3 18. cxd3 Kd7 19. Qxb7 Ne7 20. Ke2 Qxb7 21. Rxb7 Nc6 22. c4 Rb8 23. Rhb1 Rxb7 24. Rxb7 Ra8 25. f4 f5 26. h4 Re8 27. Ke3 fxe4 28. dxe4 Rg8 29. Kf2 Rg4 30. g3 h5 31. Bc3 Kc8 32. Rb1 Kd7 33. Rd1 Ke6 34. Rd5 Kf7 35. Rxh5 Kg6 36. Rh8 Ne7 37. Kf3 1-0

[Event "Outaouais-ch Reserves"]
[Site "Gatineau"]
[Date "2018.04.10"]
[Round "2"]
[White "Pearce, Thomas"]
[Black "Ramesh, Sanjay"]
[Result "1-0"]
[WhiteElo "1558"]
[BlackElo "1400"]
[PlyCount "63"]
[EventDate "2018.04.03"]
[EventType "swiss"]
[EventRounds "7"]
[EventCountry "CAN"]
[SourceTitle "EXT 2022"]
[Source "ChessBase"]
[SourceDate "2021.10.06"]
[SourceVersion "1"]
[SourceVersionDate "2021.10.06"]
[SourceQuality "1"]

1. d4 Nf6 2. c4 e6 3. e3 d5 4. Nc3 c5 5. Nf3 Nc6 6. a3 a6 7. Be2 Bd6 8. 0-0 0-0 9. dxc5 Bxc5 10. b4 Bd6 11. c5 Bc7 12. Bb2 b6 13. Qc2 bxc5 14. bxc5 Bb7 15. Rad1 Qe7 16. Na4 Rac8 17. Qb1 Nd8 18. Ne5 Bxe5 19. Bxe5 Nd7 20. Bd6 Qe8 21. Bxf8 Nxf8 22. Qb4 Qe7 23. Rc1 Qg5 24. h4 Qg6 25. f3 Nd7 26. Nb6 Rc7 27. Nxd7 Nc6 28. Qb6 Rxd7 29. Bxa6 Ne7 30. Bxb7 Nf5 31. Ba6 h6 32. Bd3 1-0